Christ enthroned within. (Record no. 16408)

000 -LEADER
fixed length control field 00511nam a2200169 a 4500
001 - CONTROL NUMBER
control field :::00019295$&:&@@
003 - CONTROL NUMBER IDENTIFIER
control field OkBaRHE
005 - DATE AND TIME OF LATEST TRANSACTION
control field 20010307113752.0
008 - FIXED-LENGTH DATA ELEMENTS--GENERAL INFORMATION
fixed length control field j 000 0 eng u
040 ## - CATALOGING SOURCE
Transcribing agency
100 1# - MAIN ENTRY--PERSONAL NAME
Personal name Hames, J. M. (John Marvin)
245 10 - TITLE STATEMENT
Title Christ enthroned within.
260 ## - PUBLICATION, DISTRIBUTION, ETC. (IMPRINT)
Place of publication, distribution, etc Louisville, Kentucky
Name of publisher, distributor, etc Pentecostal Publishing Company
300 ## - PHYSICAL DESCRIPTION
Extent 53 p.
942 ## - ADDED ENTRY ELEMENTS (KOHA)
Source of classification or shelving scheme
Koha item type Books
Copies
Barcode Lost status Permanent Location Full call number Koha item type Damaged status Withdrawn status Not for loan Source of classification or shelving scheme Price effective from Date acquired Shelving location Copy number Date last seen
19295 RHEMA Bible Training CollegeBV 4501 .H3452Books    2010-04-142010-04-14General Stacks12010-04-14